| Tag |
First Indicator |
Second Indicator |
Subfields |
| LEADER |
00000cam a2200000 4500 |
| 001 |
in00000062047 |
| 005 |
20151008051113.0 |
| 008 |
720322s1965 eng u |
| 010 |
|
|
|a 65013505
|
| 035 |
|
|
|a (OCoLC)00269083
|
| 035 |
|
|
|9 AAG5761AM
|
| 040 |
|
|
|c WSU
|d TXA
|d UtOrBLW
|
| 049 |
|
|
|a TXAM
|c [473537]
|
| 050 |
|
0 |
|a BD161
|b .G75
|
| 092 |
|
|
|a 121
|b G876s
|
| 100 |
1 |
|
|a Grossmann, Reinhardt,
|d 1931-
|
| 245 |
1 |
4 |
|a The structure of mind.
|
| 264 |
|
1 |
|a Madison :
|b University of Wisconsin Press,
|c 1965.
|
| 300 |
|
|
|a 248 pages
|
| 336 |
|
|
|a text
|b txt
|2 rdacontent
|
| 337 |
|
|
|a unmediated
|b n
|2 rdamedia
|
| 338 |
|
|
|a volume
|b nc
|2 rdacarrier
|
| 504 |
|
|
|a Bibliographical footnotes.
|
| 650 |
|
0 |
|a Knowledge, Theory of.
|
| 740 |
0 |
|
|a Mind.
|
| 999 |
|
|
|a MARS
|
| 999 |
f |
f |
|s d75bd8f7-d8c9-3ff7-804b-05e3288e50aa
|i 4cc4e1dc-5625-30f9-8a13-8f0b2ff7f39a
|t 0
|
| 952 |
f |
f |
|p ric
|a Texas A&M University
|b Rellis Campus
|c Joint Library Facility
|d Remote Storage
|t 0
|e BD161 .G75
|h Library of Congress classification
|i unmediated -- volume
|m A14800507635
|
| 998 |
f |
f |
|a BD161 .G75
|t 0
|l Remote Storage
|